10 größte Städte Pakistan - Statistiken

Allgemein
  • Dieses Quiz wurde 16 mal gespielt
  • Das Durchschnittsergebnis liegt bei 6 aus 10
Antwortstatistiken
Einwohner Antwort % Korrekt
1.109.000 Islamabad
100%
18.868.000 Karatschi
93%
13.004.000 Lahore
93%
3.692.000 Faisalabad
64%
3.358.000 Rawalpindi
50%
1.921.000 Hyderabad
43%
2.215.000 Multan
43%
1.906.000 Peschawar
43%
2.511.000 Gujranwala
29%
1.566.000 Quetta
29%
Keine übereinstimmenden Quizze gefunden
Verteilung der Resultate
Anzahl Personen mit jedem Resultat
Perzentil nach korrekt beantworteten Fragen
Ihre Resultats-Entwicklung
Sie haben dieses Quiz noch nicht gespielt